LEGO Star Wars: Alien Species by Picture - Statistics

General Stats
  • This quiz has been taken 35 times
  • The average score is 39 of 85
Answer Stats
Picture Answer % Correct
Gungan
100%
Hutt
100%
Jawa
100%
Ewok
93%
Kaminoan
93%
Rancor
93%
Tusken Raider
93%
Wampa
93%
Geonosian
90%
Sarlacc
83%
Twi'lek
83%
Porg
80%
Tauntaun
80%
Gamorrean
77%
Mon Calamari
77%
Rodian
77%
Wookiee
73%
Trandoshan
70%
Dewback
67%
Womp Rat
67%
Neimoidian
63%
Mynock
60%
Toydarian
60%
Ugnaught
60%
Zabrak
60%
Bith
57%
Kaleesh
57%
Pyke
57%
Rathtar
57%
Umbaran
57%
Dug
53%
Duros
53%
Ithorian
53%
Togruta
53%
Mirialan
50%
Sullustan
50%
Chiss
47%
Kel Dor
47%
Kowakian Monkey-Lizard
47%
Lasat
47%
Cerean
43%
Devaronian
43%
Dianoga
43%
Nautolan
43%
Pau'an
43%
Quarren
43%
Aqualish
40%
Nikto
40%
Weequay
40%
Besalisk
37%
Iktotchi
37%
Talz
37%
Corellian Hound
33%
Mythrol
33%
Anzellan
30%
Clawdite
30%
Kiffar
30%
Luggabeast
30%
Lannik
27%
Palliduvan
27%
Gand
23%
Gran
23%
Klatooinian
23%
Pantoran
23%
Teedo
23%
Ortolan
20%
Ovissian
20%
Tholothian
20%
Ardennian
17%
Chadra-Fan
17%
Crolute
17%
Drabatan
17%
Kyuzo
17%
Theelin
17%
Gigoran
13%
Kubaz
13%
Pooba
13%
Saurin
13%
Grindalid
10%
Iakaru
10%
Myykian
10%
Xexto
10%
Hylobon
7%
Shozer
7%
Glymphid
3%
No matching quizzes found
Score Distribution
Percent of People with Each Score
Percentile by Number Answered
Your Score History
You have not taken this quiz